Search the Library Catalogue
| 000 -LEADER | |
|---|---|
| fixed length control field | 00556nam a2200157Ia 4500 |
| 008 - FIXED-LENGTH DATA ELEMENTS--GENERAL INFORMATION | |
| fixed length control field | 250714s9999 xx 000 0 und d |
| 020 ## - INTERNATIONAL STANDARD BOOK NUMBER | |
| ISBN | 9780747579625 |
| 082 ## - DEWEY DECIMAL CLASSIFICATION NUMBER | |
| Classification number | 940.27 |
| Item number | BEL |
| 100 ## - MAIN ENTRY--AUTHOR NAME | |
| Personal name | Bell, David Avrom |
| 245 #4 - TITLE STATEMENT | |
| Title | The First Total War |
| 260 ## - PUBLICATION, DISTRIBUTION, ETC. (IMPRINT) | |
| Name of publisher | Bloomsbury Paperbacks |
| Year of publication | 2008 |
| 500 ## - GENERAL NOTE | |
| General note | In the tradition of Simon Schama, David Bell, the historian, tells how the Enlightenment and the French Revolution spawned the first total war - and how this legacy haunts us today. |
| 650 ## - SUBJECT ADDED ENTRY--TOPICAL TERM | |
| Topical Term | Europe |
| 942 ## - ADDED ENTRY ELEMENTS (KOHA) | |
| Koha item type | English Books |
| Withdrawn status | Lost status | Damaged status | Not for loan | Home library | Current library | Shelving location | Date acquired | Full call number | Accession Number | Price effective from | Koha item type |
|---|---|---|---|---|---|---|---|---|---|---|---|
| Anna Centenary Library | Anna Centenary Library | 7TH FLOOR, B WING | 14.07.2025 | 940.27 BEL | 498940 | 14.07.2025 | English Books |